000 00363nam a22001337a 4500
020 _a9693701712
082 _a617.51
_bBHU
100 _aBhutta, Saleem Iqbal
245 _aText Book of E.N.T. Diseases /
_cSaleem Iqbal Bhutta
260 _aIslamabad :
_bNational Book Foundation,
_c1991.
300 _a683p. ;
_b23 cm.
563 _aHBK.
942 _2ddc
_cBK
999 _c589066
_d589066